000 00717nam a22001817a 4500
999 _c13813
_d13813
003 AR-CdUCM
008 190416b ||||| |||| 00| 0 spa d
040 _aMUNICIPALIDAD PROVINCIAL DEL CUSCO
_cBIBLIOTECA MUNICIPAL DEL CUSCO
082 _a152.9 /
_bM43
100 _aMerani, Alberto L.
_920517
245 _aPsicobiología /
260 _aMéxico :
_bGrijalbo S. A. ;
_c1964.
300 _a213 páginas ;
_c24cm
505 _aContenido: Etapas y formas del desarrollo psíquico -- Orígenes de la sociabilidad -- Los instrumentos intelectuales -- Psicobiología de la motivación -- Actividad nerviosa superior y pensamiento...
650 _aPsicología
_91538
942 _2ddc
_cLIBROS
945 _anom
_d2019-04-16